|
|
|
|
| LEADER |
00000nam a2200000 a 4500 |
| 001 |
vtls001430192 |
| 003 |
SK-MaSNL |
| 005 |
20260224113209.0 |
| 008 |
240126sm y0 xo 0 und |
| 035 |
|
|
|a SNK000385216
|
| 040 |
|
|
|a SNK
|b slo
|c SNK
|e AACR2
|
| 044 |
|
|
|a xo
|c SK
|
| 245 |
1 |
|
|a STN EN 50083-9 Káblové siete pre televízne signály, rozhlasové signály a interaktívne služby. Časť 9: Rozhrania pre hlavné stanice televízných káblových rozvodov a družicových spoločných televízných antén a pre podobné profesionálne zariadeniaspra
|
| 260 |
|
|
|a Bratislava
|b Slovenský ústav technickej normalizácie
|c 2001
|
| 300 |
|
|
|a 56 s.
|
| 999 |
|
|
|c 985652
|d 987582
|
| 952 |
|
|
|t P60, <03>, [BOOK], {603}
|a SNK
|b SNK
|y PREZ
|7 0
|p 17A0334894
|o snkSTN EN 50083-9
|i snkN 585/2002
|0 0
|1 0
|4 0
|d 2002-02-28
|l 0
|r 2005-01-02 00:00:00
|w 2026-02-24
|
| 952 |
|
|
|a SNK
|b SNK
|y PREZ
|7 0
|p 17A0334895
|o snkSTN EN 50083-9 D1
|i snkN 586/2002
|0 0
|1 0
|4 0
|d 2002-02-28
|l 0
|r 2005-01-02 00:00:00
|w 2026-02-24
|